000 01123nam a2200325 a 4500
001 000023915
005 20200930022551.0
008 110117s1968 mx r 000 | spa d
040 _aDO-SdBNP
_bspa
_cBNPHU
082 _axxxx
_bB823h
245 1 0 _aBrasil : hoy /
_cCelso Furtado ...[et al]; traducción de Rosa Cusminsky de Cendrero ... [et al.].
260 _aMéxico, D. F. :
_bSiglo Veintiuno,
_c1968.
300 _a215 p. ;
_c18 cm.
500 _aIncluye notas al pie de páginas
700 1 _aFurtado, Celso
_947241
700 1 _aJaguaribe, Helio,
_949196
700 1 _aWeffert, Francisco C.,
_949197
700 1 _aCardoso, H. ,
_949198
700 1 _aCallado, Antonio,
_939955
700 1 _aLeito Lopes, J.
_949199
700 1 _aCarperaux, Otto Maria
_949200
700 1 _aBernadet, Jean-Claude
_949201
700 1 _aCusminsky de Cendrero, Rosa
_etr.
_949202
700 1 _aBastianes, Carlos Alberto,
_etr.
_949203
700 1 _aBaldatti, Celia,
_etr.
_949204
700 1 _aPilar, N.
_etr.
_949205
700 1 _aGarcía, Lida
_etr.
_949206
700 1 _aDolores de la Peña, María
_etr.
_949207
049 _aBNGR
999 _c23411
_d23411